000 00635nam a2200229Ia 4500
003 OSt
005 20221007075149.0
006 a|||||r|||| 00| 0
007 ta
008 221006b |||||||| |||| 00| 0 eng d
024 _a13,762
037 _cTextual
040 _aFLL
_cFLL
_beng
041 _2eng
_aeng
082 _aW:28.2.N7, M1
100 _aNarain Udai Au.
_9693576
245 0 _aParliamentary control of public administration in India
260 _aNew Delhi
_bChugh pub. India
_c1981
300 _axiv,484p
_ccm.
942 _hW:28.2.N7, M1
_cTEXL
_2CC
999 _c1155040
_d1155040